| 000 | nam a22 7a 4500 | ||
|---|---|---|---|
| 999 |
_c127697 _d127697 |
||
| 008 | 180320b xxu||||| |||| 00| 0 eng d | ||
| 050 |
_aPR6035 _b.A898 1983 |
||
| 100 |
_aTagore, Rabindranath _940751 |
||
| 245 |
_aGitanjali _b(song offerings) _crabindranath tagore |
||
| 260 |
_aNew York _bMacMillan Publishing _c1983 |
||
| 300 |
_a123p. ; _c18cm. |
||
| 942 |
_2lcc _cMONOGRAPH |
||